Exportação concluída — 

Chỉnh hóa nghiệm phương trình vi phân ngẫu nhiên : Báo cáo tổng kết đề tài Nghiên cứu Khoa học cấp Trường

Kaydedildi:
Detaylı Bibliyografya
Yazar: Nguyễn, Đức Phương
Materyal Türü: Đề tài khoa học
Dil:Undetermined
Baskı/Yayın Bilgisi: Đại học Công nghiệp TP. Hồ Chí Minh 2022
Konular:
Etiketler: Etiketle
Etiket eklenmemiş, İlk siz ekleyin!
Thư viện lưu trữ: Trung tâm Thư viện - Trường Đại học Công nghiệp TP. Hồ Chí Minh
LEADER 00699nam a2200157Ia 4500
001 UIH_00862
008 230809s9999 xx 000 0 und d
082 |a 515 
100 |a Nguyễn, Đức Phương 
245 0 |a Chỉnh hóa nghiệm phương trình vi phân ngẫu nhiên : Báo cáo tổng kết đề tài Nghiên cứu Khoa học cấp Trường 
245 0 |c Nguyễn, Đức Phương 
260 |b Đại học Công nghiệp TP. Hồ Chí Minh 
260 |c 2022 
650 |a Phương trình vi phân;Toán học; 
927 |a Đề tài khoa học 
980 |a Trung tâm Thư viện - Trường Đại học Công nghiệp TP. Hồ Chí Minh